Представление документа в формате RUSMARC

ПолеНазваниеЗначение
  Тип записи a
  Библиографический уровень m
001 Контрольный номер RU/SLIB/B/208717895
005 Дата корректировки 20201208094455.0
010 Индекс ISBN __
d Цена 1-97
101 Язык документа 0_
a Язык текста rus
200 Заглавие и сведения об ответственности 0_
a Заглавие Цитадель славы
b Общее обозначение материала Текст
210 Выходные данные 1_
a Место издания Минск
c Издательство Беларусь
d Дата издания 1974
215 Физическое описание __
a Объем 58 с.
c Иллюстрации/тип воспроизводства ил.
300 Общие примечания __
a Общие примечания На белоpус., pус., англ., нем. и фp. яз.
606 Тематические рубрики __
a Основная рубрика История
y Географическая подрубрика Белоруссия; Россия; СССР
606 Тематические рубрики __
a Основная рубрика История России и СССР (октябрь 1917 - 1991 г.)
610 Ключевые слова 0_
a Ключевые слова Великая Отечественная война; освободительное движение; фашизм
686 Индексы других классификаций __
a Классификационный индекс 63.3(2)622,11
686 Индексы других классификаций __
a Классификационный индекс 63.3(2)л6
801 Источник записи _0
a Страна RU
b Организация Муниципальное бюджетное учреждение культуры "Централизованная библиотечная система" г. Сургут (Центральная городская библиотека им. А. С. Пушкина)
g Правила каталогизации К/Исакова
801 Источник записи _1
a Страна RU
b Организация Муниципальное бюджетное учреждение культуры "Централизованная библиотечная система" г. Сургут (Центральная городская библиотека им. А. С. Пушкина)
g Правила каталогизации К/Исакова
852 Данные о местонахождении __
j Шифр хранения 63.3(2)622,11
c Каталожный индекс 63.3(2)622.11, 63.3(2)л6
i Авторский знак Ц 95
p Инвентарный номер 21449(с)
901 Тип документа __
t Тип документа m
990 Данные о заказе (DOS) __
j Количество экземпляров (DOS) 1